Essentials of Communication and Education Technology / (Record no. 301)

MARC details
000 -LEADER
Fixed length control field 00640nam a2200229Ia 4500
003 - CONTROL NUMBER IDENTIFIER
Control field IIN
005 - DATE AND TIME OF LATEST TRANSACTION
Control field 20250502123204.0
008 - FIXED-LENGTH DATA ELEMENTS--GENERAL INFORMATION
Fixed length control field 231217s2019 xx ca 001 0 eng d
020 ## - INTERNATIONAL STANDARD BOOK NUMBER / ISBN
Price Rs.750.00
International Standard Book Number 9789389129021
040 ## - CATALOGING SOURCE
Original cataloging agency IIN
Language of cataloging English
082 ## - DEWEY DECIMAL CLASSIFICATION NUMBER
Classification number 610.73071
Book Number CLE
100 1# - MAIN ENTRY--PERSONAL NAME
Personal name Clement, Nisha
245 1# - TITLE STATEMENT
Title Essentials of Communication and Education Technology /
Statement of responsibility Nisha Clement
250 ## - EDITION STATEMENT
Edition statement 2nd ed
260 ## - IMPRINT
Name of publisher Jaypee
Place of publication New Delhi
Date of publication 2019
300 ## - PHYSICAL DESCRIPTION
Page / Vol. No xv, 428 p.
500 ## - GENERAL NOTE
General note Includes Index
650 1# - SUBJECT ADDED ENTRY--TOPICAL TERM
Topical term Education
Form subdivision Nursing
650 1# - SUBJECT ADDED ENTRY--TOPICAL TERM
Topical term Communication and Educational
Form subdivision Technology
650 1# - SUBJECT ADDED ENTRY--TOPICAL TERM
Topical term Technology
Form subdivision Education
942 ## - ADDED ENTRY ELEMENTS (KOHA)
Koha item type Books
Holdings
Withdrawn status Lost status Source of classification Damaged status Not for loan Collection code Home library Current library Shelving location Date acquired Price Total Checkouts Call number Accession number Date last seen Date checked out Copy number Price effective from Koha item type
    Dewey Decimal Classification       IDEAL INSTITUTE OF NURSING IDEAL INSTITUTE OF NURSING General Stacks 17/12/2023 750.00 1 610.73071 CLE 296 13/10/2025 10/10/2025 1 17/12/2023 Books
    Dewey Decimal Classification       IDEAL INSTITUTE OF NURSING IDEAL INSTITUTE OF NURSING   17/12/2023 750.00   610.73071 CLE 297 17/12/2023   2 17/12/2023 Books
    Dewey Decimal Classification       IDEAL INSTITUTE OF NURSING IDEAL INSTITUTE OF NURSING   17/12/2023 750.00   610.73071 CLE 298 17/12/2023   3 17/12/2023 Books
    Dewey Decimal Classification       IDEAL INSTITUTE OF NURSING IDEAL INSTITUTE OF NURSING   17/12/2023 750.00   610.73071 CLE 299 17/12/2023   4 17/12/2023 Books
    Dewey Decimal Classification       IDEAL INSTITUTE OF NURSING IDEAL INSTITUTE OF NURSING   17/12/2023 750.00   610.73071 CLE 300 17/12/2023   5 17/12/2023 Books
    Dewey Decimal Classification       IDEAL INSTITUTE OF NURSING IDEAL INSTITUTE OF NURSING   17/12/2023 750.00   610.73071 CLE 301 17/12/2023   6 17/12/2023 Books
    Dewey Decimal Classification       IDEAL INSTITUTE OF NURSING IDEAL INSTITUTE OF NURSING   17/12/2023 750.00 1 610.73071 CLE 302 15/10/2025 10/10/2025 7 17/12/2023 Books
    Dewey Decimal Classification       IDEAL INSTITUTE OF NURSING IDEAL INSTITUTE OF NURSING   17/12/2023 750.00   610.73071 CLE 303 17/12/2023   8 17/12/2023 Books
    Dewey Decimal Classification       IDEAL INSTITUTE OF NURSING IDEAL INSTITUTE OF NURSING   17/12/2023 750.00   610.73071 CLE 304 17/12/2023   9 17/12/2023 Books
    Dewey Decimal Classification       IDEAL INSTITUTE OF NURSING IDEAL INSTITUTE OF NURSING   17/12/2023 750.00   610.73071 CLE 305 17/12/2023   10 17/12/2023 Books
    Dewey Decimal Classification       IDEAL INSTITUTE OF NURSING IDEAL INSTITUTE OF NURSING   15/06/2024     610.73071 CLE 1708 15/06/2024   11 15/06/2024 Books
    Dewey Decimal Classification       IDEAL INSTITUTE OF NURSING IDEAL INSTITUTE OF NURSING   15/06/2024     610.73071 CLE 1709 15/06/2024   12 15/06/2024 Books
    Dewey Decimal Classification       IDEAL INSTITUTE OF NURSING IDEAL INSTITUTE OF NURSING   15/06/2024     610.73071 CLE 1710 15/06/2024   13 15/06/2024 Books
    Dewey Decimal Classification       IDEAL INSTITUTE OF NURSING IDEAL INSTITUTE OF NURSING   15/06/2024     610.73071 CLE 1711 15/06/2024   14 15/06/2024 Books
    Dewey Decimal Classification       IDEAL INSTITUTE OF NURSING IDEAL INSTITUTE OF NURSING   15/06/2024     610.73071 CLE 1712 15/06/2024   15 15/06/2024 Books
    Dewey Decimal Classification     Purches Book IDEAL INSTITUTE OF NURSING IDEAL INSTITUTE OF NURSING General Stacks 11/03/2025     610.73071 CLE 1974 02/05/2025   16 02/05/2025 Books
© Ideal Institute Of Nursing, All rights reserved.         Powered by Koha